000
00341nam a2200145Ia 4500
008
150201s2008 xx 000 0 und d
082
_a
617.3
_b
O2008M
100
_a
MAGEE
245
_a
ORTHOPAEDIC PHYSICAL ASSESSMENT
250
_a
5TH
260
_b
ELSEVIER
_a
DELHI
_c
2008
300
_a
1-1138
650
_a
PHYSIOTHERAPY
942
_2
ddc
_c
BK
999
_c
4314
_d
4314